00302nam a2200121Ia 4500008004100000020001800041100001700059245003900076250001200115260001300127500002500140650001500165230524s9999 xx 000 0 und d a9789350248997 aV.A.Avadhani 0aInternational Financial Management a6th ed. bHimalaya aQuantity Number: 10 aManagement